000 00595nam a2200205 a 4500
005 20210223120527.0
008 991125s1974 es 000 0 spa u
020 _a8420615471
035 _aUPN01000002874
049 _aCG
050 4 _aDK263
_bA9.38
100 1 _aAvrich, Paul
245 1 4 _aLos anarquistas rusos /
_cPaul Avrich ; tr. Leopoldo Lovelace.
260 _aMadrid :
_bAlianza,
_c1974.
300 _a333 p.
440 3 _aEl libro de bolsillo.
_pHumanidades ;
_v547
650 4 _aANARQUISMO Y ANARQUISTAS -
_zRUSIA
_9586
651 4 _aRUSIA -
_xHISTORIA -
_y1905-1917
905 _aLibro
999 _c2874
_d2874